Регионална библиотека "Любен Каравелов" - Русе

Приказки (Запис номер 144108)

MARC детайли
000 -Лидер
Контролно поле с фиксирана дължина 02011nam a2200445 a 4500
003 - Код на организацията, давaща контролен номер
Контролно поле BLK
005 - Дата и час на последна редакция
Контролно поле 20250315005703.0
008 - Елементи от данни с фиксирана дължина
fixed length control field 180410b bul|||||r ||||||| ||bul||
010 ## - Наследен системен номер
LC control number KNG00150257000
040 ## - Източник на каталожния запис
Идентификатор на билиотеката - собственик на записа BLK
041 ## - Код за език
Код за езика на текст/звукозапис или на отделно заглавие Български
Код за езика КДБФ Български
080 ## - УДК
Текстов определител УДК Немска литература
УДК код - определител по УДК 821.112.2
УДК определител -93-34
УДК - код + определител 821.112.2-93-34
100 1# - Редна дума - Автор
Автор Братя Грим
Авторска отговорност първи автор
R(LIN) 368076
139 ## - Редно поле
Редна дума Грим, Вилхелм и др.
Авторски знак Грим - Г 83
245 10 - Сведения за заглавието
Заглавие Приказки
Подзаглавни данни В 2 т.
Редно поле (дума) Братя Грим; прев. от нем. Димитър Стоевски; худож. Иван Кьосев; * Якоб Грим; * Ангел Иванов Каралийчев; * Вилхелм Грим.
Том Т. 1
250 ## - Област на изданието
Сведения за изданието 2. изд.
257 ## - Страна на издаване
Страна на създаване/издаване Германия
260 ## - Област на издателските данни
Име на издателя, разпространителя и проч. Нар. младеж
Година на издаване 1963 -
Печатница София : ДПК Д. Благоев
Място на издаване, разпространение и проч. София
300 ## - Физическа характеристика
Размери/Мащаб 27 см
380 ## - Жанр
Жанр Детска худож. лит.
490 ## - СЕРИИ (Колекции)
Име на серия Златна библиотека
9 (RLIN) 201320
490 ## - СЕРИИ (Колекции)
Име на серия Избрани произведения за деца и юноши
9 (RLIN) 206921
500 ## - Общи забележки
Забележка 1. изд. 1962 - 1963. - Подбор и прев. от т. I, II на Die Kinder -und Hausmarchen. - Berlin, 1957.
653 ## - Ключова дума – ненормативна
Ключова дума приказки
653 ## - Ключова дума – ненормативна
Ключова дума детска литература
653 ## - Ключова дума – ненормативна
Ключова дума литература за деца
700 ## - Други автори (авторска отговорност)
Лично име Стоевски, Димитър
Пълна форма на името Чолаков, Димчо Стоев
9 (RLIN) 364897
700 1# - Други автори (авторска отговорност)
Лично име Кьосев, Иван
Автороска отговорност (Описва отношението между автора и произведението) худож.
9 (RLIN) 367385
700 ## - Други автори (авторска отговорност)
Лично име Грим, Якоб
Дати, свързани с автора 1785 - 1863
9 (RLIN) 363316
700 1# - Други автори (авторска отговорност)
Лично име Каралийчев, Ангел Иванов
Дати, свързани с автора 1902-1972
Автороска отговорност (Описва отношението между автора и произведението) *
9 (RLIN) 76702
700 ## - Други автори (авторска отговорност)
Лично име Грим, Вилхелм
Дати, свързани с автора 1786 - 1859
9 (RLIN) 363315
760 1# - Описание на основната серия
Редна дума на основното описание Братя Грим
Издание 2. изд.
Място на издаване, издател и година 1963
Страници - том 204 с. : с ил., 8 л. : ил.
Забележка - том 60 000 тир.
Заглавие Т. 1
852 ## - Местоположение
Форматна сигнатура Цб ІІ 17823
856 4# - Електронен адрес и достъп
Електронен формат pdf - файл
856 4# - Електронен адрес и достъп
Електронен формат pdf - файл
999 ## - СИСТЕМНИ КОНТРОЛНИ НОМЕРА
Koha biblionumber 144108
Koha biblioitemnumber 144108
942 ## - АРТИКУЛИ
Вид на библиотечния материал Книги
Скрит в OPAC Не
Периодичен библиозапис Да
944 ## - СЪЗДАВАНЕ И РЕДАКЦИЯ на ЗАПИСА
Създаване/Редакция Създаване
Дата на регистрацията/редакция 10.09.2013
Статус, дата на статуса CRON CRON
Служител, извършил регистрацията/редакцията
944 ## - СЪЗДАВАНЕ И РЕДАКЦИЯ на ЗАПИСА
Създаване/Редакция Редакция
Дата на регистрацията/редакция 12.09.2013
Статус, дата на статуса 10.09.2013 - от С1,Р / 10.09.2013
999 ## - СИСТЕМНИ КОНТРОЛНИ НОМЕРА
Koha biblioitemnumber 144108
Наличности
Код за отписване Код за изгубен артикул Източник на класификационната схема Код за повреда Коз за рестрикции Код за отдаване Артикулен № Име на библиотеката - собственик Име на библиотеката, в която се намира в момента Статус (Текущо местоположение) Дата на вписване в системата Местоположение - отдел Цена в лева Инвентарен номер Систематично азбучна сигнатура Баркод Номер на екземпляра Цена в евро Служебна бележка Служебен тип на артикула
  Не е изгубен Universal Decimal Classification Не е повреден само за читалня ползва се в читалня 239431 Регионална библиотека "Любен Каравелов" Русе Регионална библиотека "Любен Каравелов" Русе Хранилище 2001-01-01 Хранилище 1.59 10270/63 Цб ІІ 17823 900000048540 1 0.81 Дост: Dp Вид: Д N: стар фонд Дата: 01.01.1963 Книги
Vip Innovations Ltd, Rousse, Bulgaria 2025